Random Country Flags - Statistics

General Stats
  • This quiz has been taken 88 times
  • The average score is 13 of 16
Answer Stats
Picture Answer % Correct
Brazil
100%
Japan
96%
France
95%
Italy
92%
Norway
92%
South Korea
92%
Belgium
89%
Georgia
89%
Turkey
89%
Iraq
85%
Panama
81%
Ecuador
78%
Taiwan
78%
Algeria
77%
Namibia
59%
Sierra Leone
52%
No matching quizzes found
Score Distribution
Percent of People with Each Score
Percentile by Number Answered
Your Score History
You have not taken this quiz